LEADER 01495nam a2200277 a 4500 001 000000129360 003 CaOOAMICUS 005 20120620121059.0 008 120620s2012 it u000 u ita r 020 $a978-88-13-32273-1 040 $aPUL$bita 082 04$a346.4501 245 04$aGli aspetti di separazione e divorzio nella famiglia :$bprofili sostanziali, processuali, di mediazione, di previdenza, di tutele con riferimento al coniuge debole e ai minori, le nuove frontiere del risarcimento del danno /$ca cura di Giacomo Oberto. 260 $aPadova :$bCEDAM,$c2012. 300 $aXXXI, 1452 p. ;$c24 cm+$e1 CdRom 650 4$aDivorzio$zItalia.$0(OLS)http://pul/subject/16364 650 4$aSeparazione (diritto).$0(OLS)http://pul/subject/27065 700 1 $aOberto, Giacomo.$0(OLS)http://pul/name/67920 850 $aPUL 852 $aPUL$W1$xSL Diritto e Scienze Sociali 3$y79$m346. 4501 OBEGI 1$j149827$qDDC 21$B148353$CPULBib$Z2$F148353 $H120084 $82 941 1 $a9 996 $6020$a978-88-13-32273-1$9(OLS)http://pul/number/150057 996 $6082$a346.4501$9(OLS)http://pul/classification/451 996 $6245$aGli aspetti di separazione e divorzio nella famiglia :$bprofili sostanziali, processuali, di mediazione, di previdenza, di tutele con riferimento al coniuge debole e ai minori, le nuove frontiere del risarcimento del danno$9(OLS)http://pul/title/163460 996 $6260$aPadova :$bCEDAM$9(OLS)http://pul/publisher/48126 LEADER 01753nam a2200325 a 4500 001 000000153981 003 CaOOAMICUS 005 20160916114718.0 008 160916s2016 it frm z001 0 por r 032 $aLibriCat 040 $aPUL$bita 100 1 $aLópez Soto, Paulo Ibrain.$0(OLS)http://pul/name/98021 245 13$aLa familia como cuerpo. historia, teoría y actualidad de una analogía : $baplicación a la bioética familiar / $cFray Paulo Ibrain López Soto, O.S.A. 260 $aRomae :$b[s.n.],$c2016. 300 $a270 p.;$c24 cm 500 $aIn testa al front.: Pontificia Universitas Lateranensis, Academia Alfonsiana, Institutum Superius Theologiae Moralis 502 $aTesi di Dottorato in Teologia morale--Pontificia Università Lateranense. Accademia Alfonsiana, 2016. 504 $aBibliogr.: p.[225]-264. 600 14$aMendes de Almeida, Pedro ,$d1930-2006.$0(OLS)http://pul/subject/43679 650 4$aFamiglia$xMorale cattolica.$0(OLS)http://pul/subject/38149 710 2 $aAccademia Alfonsiana. Istituto superiore di Teologia morale.$kTesi.$0(OLS)http://pul/name/81838 850 $aPUL 852 $aPUL$W1$xDP1 Tesi Acc. Alfonsiana$y28$m2016 B 11$j159688$qTesi$B179958$CPULBib$Z2$F179958 $82 910 $aPontificia Università Lateranense. $bAccademia Alfonsiana$981838 910 $aIstituto superiore di Teologia morale. Accademia Alfonsiana$981838 910 $aAcademia Alfonsiana. Institutum superius theologiae moralis$981838 941 1 $a16 996 $6245$aLa familia como cuerpo. historia, teoría y actualidad de una analogía : $baplicación a la bioética familiar / $9(OLS)http://pul/title/193559 996 $6260$aRomae :$b[s.n.]$9(OLS)http://pul/publisher/48223